[Event "Jesenik Rapid op"]
[Site "Jesenik"]
[Date "2023.08.18"]
[Round "7"]
[White "Saur, Frantisek"]
[Black "Slavinsky, Rostislav"]
[Result "1/2-1/2"]
[WhiteElo "1710"]
[BlackElo "1981"]
[PlyCount "43"]
[EventDate "2023.08.18"]
[EventType "swiss (rapid)"]
[EventRounds "9"]
[EventCountry "CZE"]
[SourceTitle "CBM 216 Extra"]
[Source "ChessBase"]
[SourceDate "2023.11.30"]
[SourceVersion "1"]
[SourceVersionDate "2023.11.30"]
[SourceQuality "1"]

1. Nf3 Nf6 2. d4 g6 3. Bf4 Bg7 4. h3 c5 5. e3 0-0 6. c3 d5 7. Be2 Nc6 8. Nbd2 c4 9. 0-0 Bf5 10. Re1 b5 11. a3 a5 12. Ne5 Qb6 13. g4 Be6 14. Bf3 Rfd8 15. e4 Rac8 16. exd5 Nxd5 17. Nxc6 Rxc6 18. Be5 Bxe5 19. Rxe5 Rc7 20. Qe1 Nf4 21. Qd1 Nd5 22. Bxd5 1/2-1/2

[Event "Prague Golden rap op 13th"]
[Site "Prague"]
[Date "2017.07.01"]
[Round "5"]
[White "Horinek, Karel"]
[Black "Saur, Frantisek"]
[Result "1-0"]
[WhiteElo "1962"]
[BlackElo "1780"]
[PlyCount "113"]
[EventDate "2017.07.01"]
[EventType "swiss (rapid)"]
[EventRounds "7"]
[EventCountry "CZE"]
[SourceTitle "EXT 2018"]
[Source "ChessBase"]
[SourceDate "2017.10.13"]
[SourceVersion "1"]
[SourceVersionDate "2017.10.13"]
[SourceQuality "1"]

1. e4 c6 2. g3 d5 3. e5 Bf5 4. d4 e6 5. Nf3 Nd7 6. Be3 h6 7. Nbd2 c5 8. c3 Qb6 9. b3 Bh7 10. Be2 Ne7 11. g4 Nc6 12. 0-0 Be7 13. a4 a5 14. Ra2 cxd4 15. cxd4 Nb4 16. Rb2 Rc8 17. Bb5 Rc7 18. Ne1 0-0 19. Kg2 f6 20. f4 fxe5 21. fxe5 Rxf1 22. Nxf1 Be4+ 23. Kg3 Nf8 24. Nd2 Bh7 25. Ndf3 Rc3 26. Qd2 Qc7 27. h4 Nc2 28. Nxc2 Rxc2 29. Rxc2 Qxc2 30. Qxc2 Bxc2 31. Nd2 Bb4 32. g5 hxg5 33. Nf3 gxh4+ 34. Nxh4 Bxb3 35. Nf3 Bc4 36. Be8 b6 37. Ng5 Bb3 38. Kg4 Bd1+ 39. Kf4 g6 40. Bf7+ Kg7 41. Be8 Be7 42. Nf3 Nh7 43. Bf2 g5+ 44. Kg3 Kf8 45. Bd7 Kf7 46. Be3 Nf8 47. Bb5 Kg6 48. Be8+ Kf5 49. Kf2 Ng6 50. Bd7 g4 51. Nd2 Bh4+ 52. Kg1 Be1 53. Kf1 Bg3 54. Kg2 Be1 55. Bb5 Nh4+ 56. Kf1 Bg3 57. Bd3# 1-0

[Event "Prague Golden rap op 11th"]
[Site "Prague"]
[Date "2015.06.27"]
[Round "1"]
[White "Mufic, Goran"]
[Black "Saur, Frantisek"]
[Result "1-0"]
[WhiteElo "2314"]
[BlackElo "1807"]
[PlyCount "49"]
[EventDate "2015.06.27"]
[EventType "swiss (rapid)"]
[EventRounds "7"]
[EventCountry "CZE"]
[SourceTitle "EXT 2017"]
[Source "ChessBase"]
[SourceDate "2016.10.25"]
[SourceVersion "1"]
[SourceVersionDate "2016.10.25"]
[SourceQuality "1"]

1. d4 c5 2. c3 cxd4 3. cxd4 d5 4. Nc3 Nf6 5. Nf3 a6 6. Bf4 Bf5 7. e3 e6 8. Be2 Bd6 9. Ne5 Nc6 10. Qb3 Rb8 11. Qa4 Bxe5 12. Bxe5 0-0 13. Bxb8 Qxb8 14. 0-0 Qd6 15. Rac1 h6 16. Qa3 Qd7 17. Na4 Ne4 18. Nc5 Nxc5 19. Qxc5 Rc8 20. Rc3 Ne7 21. Qa3 Nc6 22. Rfc1 Ne7 23. Rxc8+ Nxc8 24. Qc5 Ne7 25. Qc7 1-0